Schiaccianoci (Lo)-Carnevale degli animali (Record no. 103407)

MARC details
000 -LEADER
fixed length control field 01138njm a2200313Ia 4500
001 - CONTROL NUMBER
control field 40042
003 - CONTROL NUMBER IDENTIFIER
control field IT-RoPAU
005 - DATE AND TIME OF LATEST TRANSACTION
control field 20220918181205.0
008 - FIXED-LENGTH DATA ELEMENTS--GENERAL INFORMATION
fixed length control field 131025s9999 xx 000 0 und d
040 ## - CATALOGING SOURCE
Original cataloging agency IT-RoPAU
040 ## - CATALOGING SOURCE
Transcribing agency IT-RoPAU
999 ## - SYSTEM CONTROL NUMBERS (KOHA)
Koha Dewey Subclass [OBSOLETE] n.d.
100 ## - MAIN ENTRY--PERSONAL NAME
Personal name AA.VV.
9 (RLIN) 794
100 ## - MAIN ENTRY--PERSONAL NAME
Relator term Autore musica
9 (RLIN) 20583
100 ## - MAIN ENTRY--PERSONAL NAME
Miscellaneous information Codice autore musica SPICS: 12000
9 (RLIN) 796
245 ## - TITLE STATEMENT
Title Schiaccianoci (Lo)-Carnevale degli animali
250 ## - EDITION STATEMENT
Edition statement 1a ed.
260 ## - PUBLICATION, DISTRIBUTION, ETC. (IMPRINT)
Place of publication, distribution, etc. MUSICAL MASTERPIECE SOCIETY
260 ## - PUBLICATION, DISTRIBUTION, ETC. (IMPRINT)
Name of publisher, distributor, etc. MMS
300 ## - PHYSICAL DESCRIPTION
Extent DISCO
500 ## - GENERAL NOTE
General note Musica classica, sinfonica, strumentale
505 ## - FORMATTED CONTENTS NOTE
Formatted contents note Il carnevale degli animali - Lo schiaccianoci (suite)
511 ## - PARTICIPANT OR PERFORMER NOTE
Participant or performer note Orchestra Filarmonica Olandese diretta da Goehr Walter
511 ## - PARTICIPANT OR PERFORMER NOTE
Participant or performer note Orchestra dell'Opera di Francoforte diretta da Goehr Walter
650 ## - SUBJECT ADDED ENTRY--TOPICAL TERM
Topical term or geographic name as entry element OPERA [DISCHI]
Relator term Codice MATERIA SPICS: 9950
9 (RLIN) 961
700 ## - ADDED ENTRY--PERSONAL NAME
Personal name Saint-Saens Camille
Relator term Autore musica
Miscellaneous information Codice autore musica SPICS: 10689
Name of part/section of a work Carnevale degli animali
9 (RLIN) 20584
700 ## - ADDED ENTRY--PERSONAL NAME
Personal name Cajkovskij Petr Llijch
Relator term Autore musica
Miscellaneous information Codice autore musica SPICS: 10808
Name of part/section of a work Lo Schiaccianoci (suite)
9 (RLIN) 20585
942 ## - ADDED ENTRY ELEMENTS (KOHA)
Koha item type DISCHI
Source of classification or shelving scheme Dewey Decimal Classification
Holdings
Withdrawn status Lost status Damaged status Not for loan Home library Current library Date acquired Total Checkouts Full call number Date last seen Price effective from Koha item type Public note
    Buone Condizioni Not For Loan SPICS-MEDIATECA SPICS-MEDIATECA 25/10/2013   40042 25/10/2013 25/10/2013 DISCHI Progr. Ins.: 13858 / N.Vol.: 1 / Copie: 1 - Copia rara: n.d. / date import: 01.01.2014 - By Epidotti, Trombetti, Vaglietti
CREDITS: SOCIETA' SAN PAOLO Via A.Severo, 58 - ROMA (RM) & PERIODICI SAN PAOLO SRL Via Giotto, 36 MILANO & CISF Via Giotto, 36 MILANO & EDIZIONI SAN PAOLO SRL,  Piazza Soncino, 5 CINISELLO BALSAMO (MI) -- ITALY